Central Library OPAC University of Rajshahi

Export and Domestic Food Production : (Record no. 83425)

MARC details
000 -LEADER
fixed length control field 00939nam a2200241 a 4500
001 - CONTROL NUMBER
RUCL Control Number 83425
003 - CONTROL NUMBER IDENTIFIER
rucl marc code BD-RjUL
005 - DATE AND TIME OF LATEST TRANSACTION
control field 20240320121559.0
008 - FIXED-LENGTH DATA ELEMENTS--GENERAL INFORMATION
fixed length control field 240320s1986 us a|||| m||| 00| 0 eng d
035 ## - SYSTEM CONTROL NUMBER
system control number (BD-RjUL)83425
040 ## - CATALOGING SOURCE
Original cataloging agency BD-RjUL
Language of cataloging eng
Transcribing agency BD-RjUL
Modifying agency BD-RjUL
041 ## - LANGUAGE CODE
Language code of Book eng
082 ## - DEWEY DECIMAL CLASSIFICATION NUMBER
DDC Edition number 23
Classification number 382.095492
Author mark and Year BAE 1986
100 ## - MAIN ENTRY--PERSONAL NAME
Personal name Bari, Abul Khair Maksudul
9 (RLIN) 12445
245 10 - TITLE STATEMENT
Title Export and Domestic Food Production :
Remainder of title The Case of Jute and Competing Foodcrains in Bangladesh Since Independence /
Statement of responsibility, etc By Abul Khair Maksudul Bari ;
Name of Supervisor/Co-Supervisor Supervisor : Jonathan Kydd
260 ## - PUBLICATION, DISTRIBUTION, ETC. (IMPRINT)
Place of publication, distribution, etc Rajshahi :
Name of publisher, distributor, etc Way College, University of London
Date of publication, distribution, etc 1986
300 ## - PHYSICAL DESCRIPTION
Pagination 234 Leaves :
Other physical details ill, ;
Dimensions 29 cm.
502 ## - DISSERTATION NOTE
Dissertation note Thesis (Ph. D.) -- Way College, University of London, 1986
504 ## - BIBLIOGRAPHY, ETC. NOTE
Bibliography, etc Bibliography : Leaves 216-227
650 ## - SUBJECT ADDED ENTRY--TOPICAL TERM
Topical term or geographic name as entry element International Commerce
Form subdivision Food Production
Geographic subdivision Bangladesh
9 (RLIN) 12446
700 ## - ADDED ENTRY--SUPERVISOR/CO-SUPERVISOR NAME
Personal name Kydd, Jonathan, Supervisor
9 (RLIN) 12447
942 ## - ADDED ENTRY ELEMENTS (KOHA)
Source of classification or shelving scheme Dewey Decimal Classification
Koha item type Theses
Holdings
Source of classification or shelving scheme Damaged status Not for loan Collection code Permanent Location Current Location Shelving location Date of accession Source of acquisition Total Checkouts Full call number Barcode Date last seen Copy number Thesis
Dewey Decimal Classification   Not For Loan Theses Central Library, University of Rajshahi Central Library, University of Rajshahi Documentation Section 05/04/1990 Controller of Exam. R. U.   THE 382.095492 BAE 1986 D1362 20/03/2024 C-I Theses